Vývoj podnikateľského prostredia v Európskej únii a jej susedstve v období krízy VI. - fokus na (vybrané štáty) EÚ a vybraných strategických partnerov EÚ

Teritoriálna vizualizácia skúmaného podnikateľského prostredia Malty, Monaca a v južnom susedstve EÚ. Monitorovanie vývoja podnikateľského prostredia v uvedených regiónoch. Predpoklad demografického vývoja vo vybraných štátoch EÚ a vo vybraných krajinách strategického partnerstva EÚ. Regionálny kont...

Ausführliche Beschreibung

Gespeichert in:
Bibliographische Detailangaben
1. Verfasser: Čiderová, Denisa, 1977-
Weitere Verfasser: Kovačević, Dubravka
Format: Buchkapitel
Sprache:Slowakisch
Schlagworte:
Tags: Tag hinzufügen
Keine Tags, Fügen Sie das erste Tag hinzu!

MARC

LEADER 00000naa a2200000 4500
001 0183420
005 20240502073134.3
041 0 |a slo 
044 |a SK 
245 1 0 |a Vývoj podnikateľského prostredia v Európskej únii a jej susedstve v období krízy VI. - fokus na (vybrané štáty) EÚ a vybraných strategických partnerov EÚ  |c Denisa Čiderová, Dubravka Kovačević 
520 |a Teritoriálna vizualizácia skúmaného podnikateľského prostredia Malty, Monaca a v južnom susedstve EÚ. Monitorovanie vývoja podnikateľského prostredia v uvedených regiónoch. Predpoklad demografického vývoja vo vybraných štátoch EÚ a vo vybraných krajinách strategického partnerstva EÚ. Regionálny kontext. Monitorovanie vybraných indikátorov konkurencieschopnosti. 
610 2 0 |a partnerstvo strategické 
610 2 0 |a demografia 
610 2 0 |a konkurencieschopnosť 
610 2 0 |a prostredie podnikateľské 
610 2 0 |a spolupráca hospodárska medzinárodná 
610 2 0 |a Európska únia 
100 1 |a Čiderová, Denisa, 1977- 
700 1 |a Kovačević, Dubravka